| 000 | 00423nam a22001451 4500 | ||
|---|---|---|---|
| 082 | 0 | 0 |
_a621.4022 _bKRE _cL-121, P-18 |
| 100 | 1 |
_aKreith, Frank. _98928 |
|
| 245 | 1 | 0 | _aPrinciples of heat transfer. |
| 260 |
_aScranton, _bInternational Textbook Co., _c1958. |
||
| 300 |
_a553 p. _billus. _c24 cm. |
||
| 526 |
_a0 _b0 _c0 _d621_402200000000000_KRE |
||
| 650 | 0 |
_aHeat _xTransmission. _91537 |
|
| 650 | 0 |
_aMCE _9379 |
|
| 942 |
_2ddc _cBK |
||
| 999 |
_c545836 _d545836 |
||